EU anti-dumping and other trade defence instruments / (Record no. 18693)
[ view plain ]
| 000 -LEADER | |
|---|---|
| fixed length control field | 01423cam a2200349 a 4500 |
| 001 - CONTROL NUMBER | |
| control field | 16834737 |
| 005 - DATE AND TIME OF LATEST TRANSACTION | |
| control field | 20141201134711.0 |
| 008 - FIXED-LENGTH DATA ELEMENTS--GENERAL INFORMATION | |
| fixed length control field | 110620t2011 ne a frb 001 0 eng d |
| 010 ## - LIBRARY OF CONGRESS CONTROL NUMBER | |
| LC control number | 2011414760 |
| 020 ## - INTERNATIONAL STANDARD BOOK NUMBER | |
| International Standard Book Number | 9789041131171 |
| 040 ## - CATALOGING SOURCE | |
| Original cataloging agency | DLC |
| Transcribing agency | DLC |
| Modifying agency | EG-ScBUE |
| 043 ## - GEOGRAPHIC AREA CODE | |
| Geographic area code | e------ |
| 082 00 - DEWEY DECIMAL CLASSIFICATION NUMBER | |
| Classification number | 343.4087 |
| Edition number | 22 |
| Item number | VAN |
| 100 1# - MAIN ENTRY--PERSONAL NAME | |
| Personal name | Van Bael, Ivo |
| 9 (RLIN) | 36722 |
| 245 10 - TITLE STATEMENT | |
| Title | EU anti-dumping and other trade defence instruments / |
| Statement of responsibility, etc | Van Bael & Bellis. |
| 246 30 - VARYING FORM OF TITLE | |
| Title proper/short title | European Union anti-dumping and other trade defence instruments |
| 250 ## - EDITION STATEMENT | |
| Edition statement | 5th ed. |
| 260 ## - PUBLICATION, DISTRIBUTION, ETC. (IMPRINT) | |
| Place of publication, distribution, etc | Alphen aan den Rijn, Netherlands : |
| Name of publisher, distributor, etc | Kluwer Law International ; |
| Date of publication, distribution, etc | c.2011. |
| 300 ## - PHYSICAL DESCRIPTION | |
| Extent | xxv, 1368 p. : |
| Other physical details | tables ; |
| Dimensions | 25 cm. |
| 500 ## - GENERAL NOTE | |
| General note | Rev. ed. of : Anti-dumping and other trade protection laws of the EC / Van Bael & Bellis. 4th ed. c2004. |
| 500 ## - GENERAL NOTE | |
| General note | Index : p. 1357-1368. |
| 504 ## - BIBLIOGRAPHY, ETC. NOTE | |
| Bibliography, etc | Bibliography : p. 1341-1355. |
| 650 #0 - SUBJECT ADDED ENTRY--TOPICAL TERM | |
| Topical term or geographic name as entry element | Foreign trade regulation |
| Geographic subdivision | European Union countries |
| 9 (RLIN) | 36723 |
| 650 #0 - SUBJECT ADDED ENTRY--TOPICAL TERM | |
| Topical term or geographic name as entry element | Subsidies |
| General subdivision | Law and legislation |
| Geographic subdivision | European Union countries |
| 9 (RLIN) | 36724 |
| 650 #0 - SUBJECT ADDED ENTRY--TOPICAL TERM | |
| Topical term or geographic name as entry element | Antidumping duties |
| General subdivision | Law and legislation |
| Geographic subdivision | European Union countries |
| 9 (RLIN) | 36725 |
| 650 #0 - SUBJECT ADDED ENTRY--TOPICAL TERM | |
| Topical term or geographic name as entry element | Non-tariff trade barriers |
| General subdivision | Law and legislation |
| Geographic subdivision | European Union countries |
| 9 (RLIN) | 36726 |
| 653 ## - INDEX TERM--UNCONTROLLED | |
| Resource For college | BAEPS, Business Administration |
| Arrived date list | December2014 |
| 655 ## - INDEX TERM--GENRE/FORM | |
| Form subdivision | |
| -- | 34232 |
| 700 1# - ADDED ENTRY--PERSONAL NAME | |
| Personal name | Bellis, Jean-François |
| 9 (RLIN) | 36727 |
| 710 2# - ADDED ENTRY--CORPORATE NAME | |
| Corporate name or jurisdiction name as entry element | Van Bael & Bellis (Firm) |
| 9 (RLIN) | 36728 |
| 942 ## - ADDED ENTRY ELEMENTS (KOHA) | |
| Source of classification or shelving scheme | Dewey Decimal Classification |
| Call number prefix | 343.4087 VAN |
| Withdrawn status | Item status | Source of classification or shelving scheme | Damaged status | Not for loan | Vendor | Home library | Current library | Shelving location | Date acquired | Source of acquisition | Cost, normal purchase price | Serial Enumeration / chronology | Total Checkouts | Full call number | Barcode | Date last seen | Cost, replacement price | Koha item type |
|---|---|---|---|---|---|---|---|---|---|---|---|---|---|---|---|---|---|---|
| Dewey Decimal Classification | Baccah | Central Library | Central Library | First floor | 01/12/2014 | 1750.00 | 20677 | 343.4087 VAN | 000037074 | 15/07/2025 | 218.75 | Book - Borrowing |